Pojem zamestnanec v európskej digitálnej perspektíve

Pojem zamestnanec je centrálnym pojmom slovenského právneho poriadku. Svojimi právnymi účinkami presahuje oblasť pracovného práva. Má určujúci význam aj pre iné právne odvetia, najmä pre oblasť sociálneho poistenia, daňové právo, právo hospodárskej sútaže, ale aj trestné právo. Pojem zamestnanec v z...

Descrizione completa

Salvato in:
Dettagli Bibliografici
Autore principale: Barancová, Helena
Natura: Capitolo di libro
Lingua:slovacco
Soggetti:
Tags: Aggiungi Tag
Nessun Tag, puoi essere il primo ad aggiungerne!!

MARC

LEADER 00000naa a2200000 4500
001 0249562
005 20181218092838.1
041 0 |a slo 
044 |a SK 
245 1 0 |a Pojem zamestnanec v európskej digitálnej perspektíve  |c Helena Barancová 
520 |a Pojem zamestnanec je centrálnym pojmom slovenského právneho poriadku. Svojimi právnymi účinkami presahuje oblasť pracovného práva. Má určujúci význam aj pre iné právne odvetia, najmä pre oblasť sociálneho poistenia, daňové právo, právo hospodárskej sútaže, ale aj trestné právo. Pojem zamestnanec v zahraničnej právnej úprave, podľa Zákonníka práce SR a podľa práva Európskej únie. 
610 2 0 |a zamestnanci 
610 2 0 |a zamestnávatelia 
610 2 0 |a právo pracovné 
610 2 0 |a právo európske 
610 2 0 |a Slovensko 
610 2 0 |a pomer pracovný 
610 2 0 |a digitalizácia 
610 2 0 |a zákonník práce 
610 2 0 |a zákonník obchodný 
610 2 0 |a Súdny dvor Európskej únie 
610 2 0 |a osoby fyzické 
610 2 0 |a ochrana právna 
100 1 |a Barancová, Helena